| 000 | 00585nam a22001697a 4500 | ||
|---|---|---|---|
| 005 | 20180721154700.0 | ||
| 008 | 120204t xxu||||| |||| 00| 0 eng d | ||
| 020 |
_a0333935373 _c198.00 |
||
| 035 | _aB-60476 | ||
| 040 |
_aDPL _bENG |
||
| 100 |
_aAgarwala, Kamlesh N. _940806 |
||
| 245 |
_aSurviving the Fatal Click : _bWhat to do when viruses seize your computer / _cby Kamlesh N. Agarwala and Deeksha Agarwala |
||
| 260 |
_aDelhi _bMacmillan India Ltd. _c2001 |
||
| 300 |
_axii, 267p. _c18 cms. |
||
| 700 |
_aAgarwala, Deeksha _940807 |
||
| 942 |
_2ddc _cEN _h005.8 _mAGA |
||
| 999 |
_c61967 _d61967 |
||